| 000 | 00667nam a22002417a 4500 | ||
|---|---|---|---|
| 003 | UA-OsUOA | ||
| 001 | 44870 | ||
| 007 | ta | ||
| 008 | 20110625b un ||||| |||| 00| 0 ukr d | ||
| 100 | _aChumatskuj Y. | ||
| 090 | _a94(477).09 | ||
| 942 | _cBK | ||
| 040 |
_aUA-OsUOA _beng _cUA-OsUOA _dUA-OsUOA |
||
| 245 | _aWhy is one holocaust worth more than others | ||
| 300 | _a110 p. | ||
| 955 | _a1 | ||
| 041 | _aeng | ||
| 080 | _a94(477).09 | ||
| 260 | _c1986 | ||
| 650 | 7 |
_a9 Географія. Біографії. Історія _2UDC |
|
| 999 |
_c424971 _d424971 |
||